000 nam a22 7a 4500
999 _c7457
_d7457
008 170907b xxu||||| |||| 00| 0 eng d
100 _93982
_aChake
245 _aHindi Story Book
260 _aNew Delhi